000 00644nam a22002297a 4500
001 00561
003 DO-SdBNP
005 20230831113431.0
007 00561
008 160621b1998| sp |00| 0 spa d
020 _a9788440680389
040 _aBPMSU
_bspa
_cBPMSU
082 4 _aA863.6
_bV393u 1998
_222
100 1 _aVázquez-Rial, Horacio
_d1947-
245 1 4 _aLos últimos tiempos /
_cHoracio Vázquez-Rial
260 _aBarcelona, España :
_bEdiciones B,
_c1998.
300 _a302 p. :
_c18 cm.
590 _aInventariado, 2023/VM
650 4 _aNovela argentina
910 _aBTAVÁREZ/ VMateo V. Control de calidad. BPMSU
942 _2ddc
_cBK
999 _c10469
_d10469